00775nab a2200181 i 4500001000400000003000400004005001700008008003900025040000800064041000800072044000800080100014900088245010100237260001000338500002600348773007100374700014800445BPPBPK20160107114404.0140430s1989 sz f |000 0 eng cBPK aeng aCHE aHRYNIEWICZ, Tadeusz.d1971 - 1996.bWyższa Szkoła Inżynierska w Koszalinie - Wydział Mechaniczny,cZakład Elektrotechniki i Elektrochemii aSurface effects in micromackining of metals and alloys /cTadeusz Hryniewicz, Wiesław Skubała. c1989. aDane z kartoteki bpp. iW :tSurface and Coatings Technology. -g1989, vol. 38, s. 281-287 aSKUBAŁA, Wiesław.d1980 - 1995.bWyższa Szkoła Inżynierska w Koszalinie - Wydział Mechaniczny,cZakład Elektrotechniki i Elektrochemii